[Event "Titled Tuesday intern op 13th Feb Early"]
[Site "Chess.com INT"]
[Date "2024.02.13"]
[Round "4"]
[White "Bartel, Michal"]
[Black "Severina, Maria"]
[Result "1/2-1/2"]
[WhiteElo "2246"]
[BlackElo "2202"]
[PlyCount "103"]
[EventDate "2024.02.13"]
[EventType "swiss (blitz)"]
[EventRounds "11"]
[EventCountry "USA"]
[SourceTitle "CB08_2024"]
[SourceDate "2024.02.21"]
[SourceVersion "1"]
[SourceVersionDate "2024.02.21"]
[SourceQuality "1"]

1. e4 e5 2. Nc3 Nc6 3. g3 g6 4. Bg2 Bg7 5. Nge2 d6 6. 0-0 Nge7 7. d3 0-0 8. h3 f5 9. f4 Be6 10. Kh2 Qd7 11. Be3 Rae8 12. Qd2 Kh8 13. Rae1 fxe4 14. Nxe4 Nf5 15. Bg1 exf4 16. Nxf4 Bg8 17. c3 b6 18. g4 Nh4 19. d4 Nxg2 20. Qxg2 d5 21. Ng5 Rxe1 22. Rxe1 Rxf4 23. Qg3 Rf8 24. Qh4 Qd6+ 25. Kh1 Qf6 26. Re6 Qxe6 27. Nxe6 Bxe6 28. Qg3 Rf7 29. Qe3 Bd7 30. Bh2 Kg8 31. Bxc7 Bf8 32. Kg2 Ne7 33. Be5 Nc6 34. Bg3 Re7 35. Qf3 Be6 36. Bd6 Rf7 37. Qe3 Bxg4 38. Bxf8 Bf3+ 39. Kg3 Kxf8 40. Qe6 Ne7 41. Qd6 Be4 42. Kh2 Rf2+ 43. Kg1 Rf3 44. h4 Kf7 45. Qc7 Re3 46. Qf4+ Nf5 47. Qc7+ Kg8 48. Qb8+ Kg7 49. Qe5+ Kf7 50. Qc7+ Kf6 51. Qe5+ Kf7 52. Qc7+ 1/2-1/2

[Event "Titled Tuesday intern op 13th Feb Early"]
[Site "Chess.com INT"]
[Date "2024.02.13"]
[Round "2"]
[White "Severina, Maria"]
[Black "Astafurov, Arseniy"]
[Result "1-0"]
[WhiteElo "2202"]
[BlackElo "2263"]
[PlyCount "83"]
[EventDate "2024.02.13"]
[EventType "swiss (blitz)"]
[EventRounds "11"]
[EventCountry "USA"]
[SourceTitle "CB08_2024"]
[SourceDate "2024.02.21"]
[SourceVersion "1"]
[SourceVersionDate "2024.02.21"]
[SourceQuality "1"]

1. d4 Nf6 2. Nf3 d5 3. g3 c6 4. Bg2 Bg4 5. 0-0 Nbd7 6. c4 e6 7. Nc3 Be7 8. Qd3 Bf5 9. Qd1 Ne4 10. Nd2 Nxc3 11. bxc3 0-0 12. e4 dxe4 13. Nxe4 Nf6 14. Qe2 Qa5 15. Bd2 Qa6 16. Nxf6+ Bxf6 17. Rfe1 Rad8 18. c5 Bd3 19. Qe3 Bc4 20. a4 Rd7 21. f4 h6 22. Reb1 Bd5 23. Rb4 Bxg2 24. Kxg2 Rfd8 25. Be1 g6 26. Rab1 h5 27. Bf2 Kg7 28. h3 Rh8 29. g4 hxg4 30. hxg4 Bd8 31. Qe5+ Bf6 32. Qe3 Kg8 33. f5 Re7 34. fxg6 fxg6 35. Qe4 Kf7 36. Bg3 Rf8 37. Bd6 Rfe8 38. Bxe7 Rxe7 39. Rf1 Kg7 40. g5 Bxg5 41. Qe5+ Kh6 42. Rh1+ 1-0

[Event "Titled Tuesday intern op 13th Feb Early"]
[Site "Chess.com INT"]
[Date "2024.02.13"]
[Round "3"]
[White "Severina, Maria"]
[Black "Baum, Jonasz"]
[Result "0-1"]
[WhiteElo "2202"]
[BlackElo "2400"]
[PlyCount "60"]
[EventDate "2024.02.13"]
[EventType "swiss (blitz)"]
[EventRounds "11"]
[EventCountry "USA"]
[SourceTitle "CB08_2024"]
[SourceDate "2024.02.21"]
[SourceVersion "1"]
[SourceVersionDate "2024.02.21"]
[SourceQuality "1"]

1. Nf3 c5 2. g3 Nc6 3. Bg2 e5 4. 0-0 d5 5. d3 Nf6 6. Nbd2 Be7 7. e4 Be6 8. Re1 d4 9. Rf1 Qc7 10. Ng5 Bg4 11. f3 Bd7 12. Bh3 h6 13. Bxd7+ Qxd7 14. Nxf7 Kxf7 15. f4 exf4 16. Rxf4 Rhf8 17. Nc4 Kg8 18. Bd2 b5 19. Na3 a6 20. Qe2 Ne5 21. Raf1 c4 22. Rf5 Bxa3 23. bxa3 cxd3 24. cxd3 Rae8 25. Bb4 Rf7 26. h3 Nc6 27. Bd2 Re5 28. R5f4 Qxh3 29. Qf3 Rh5 30. Rf2 Ne5 0-1

[Event "Riga Tech op 8th"]
[Site "Riga"]
[Date "2018.08.07"]
[Round "2"]
[White "Ruiz Castillo, Joshua Daniel"]
[Black "Severina, Maria"]
[Result "1-0"]
[WhiteElo "2415"]
[BlackElo "2242"]
[PlyCount "145"]
[EventDate "2018.08.06"]
[EventType "swiss"]
[EventRounds "9"]
[EventCountry "LAT"]
[SourceTitle "CBM 185 Extra"]
[Source "ChessBase"]
[SourceDate "2018.07.29"]
[SourceVersion "1"]
[SourceVersionDate "2018.07.29"]
[SourceQuality "1"]

1. e4 e5 2. Nf3 Nc6 3. Bb5 a6 4. Ba4 Nf6 5. 0-0 Be7 6. Re1 b5 7. Bb3 d6 8. c3 0-0 9. h3 Nb8 10. d4 Nbd7 11. Nbd2 Bb7 12. Bc2 Re8 13. Nf1 Bf8 14. Ng3 g6 15. a4 Nb6 16. axb5 axb5 17. Rxa8 Qxa8 18. d5 c6 19. Bg5 Nfd7 20. dxc6 Bxc6 21. h4 d5 22. exd5 Bxd5 23. h5 e4 24. Nd4 b4 25. hxg6 hxg6 26. Qg4 Bg7 27. Qh4 bxc3 28. bxc3 Qa5 29. Nge2 Bxd4 30. Nxd4 Qxc3 31. Rd1 Ra8 32. Kh2 Ra1 33. Rxa1 Qxa1 34. Be3 Qa8 35. Ne2 Kg7 36. Qh6+ Kf6 37. Bd4+ Ke7 38. Nc3 Qc6 39. Qe3 Qe6 40. Bxb6 Nxb6 41. g3 Nd7 42. Ba4 Bc6 43. Bxc6 Qxc6 44. Nxe4 Qe6 45. Qa3+ Kd8 46. Nd6 Qd5 47. Qb4 Qh5+ 48. Kg2 Qd5+ 49. f3 f5 50. Qh4+ Kc7 51. Ne8+ Kc8 52. Qb4 Qc5 53. Qd2 Qe5 54. Nd6+ Kc7 55. Nf7 Qc5 56. Ng5 Qc6 57. Qe2 Qd5 58. Ne6+ Kd6 59. Nf4 Qc5 60. Nxg6 Qd5 61. Nf4 Qb3 62. Qd2+ Ke7 63. Ng6+ Ke6 64. Nf4+ Ke7 65. Ne2 Nf6 66. Nd4 Qd5 67. Qf4 Qa2+ 68. Kh3 Qb1 69. Nxf5+ Kf7 70. Qc4+ Kf8 71. Qc5+ Kf7 72. Qe7+ Kg6 73. Nh4+ 1-0

[Event "Samara Polugaevsky Memorial 7th"]
[Site "Samara"]
[Date "2017.07.16"]
[Round "9"]
[White "Severina, Maria"]
[Black "Natacheev, Peter"]
[Result "1/2-1/2"]
[WhiteElo "2232"]
[BlackElo "2297"]
[PlyCount "60"]
[EventDate "2017.07.08"]
[EventType "swiss"]
[EventRounds "9"]
[EventCountry "RUS"]
[SourceTitle "EXT 2018"]
[Source "ChessBase"]
[SourceDate "2017.10.13"]
[SourceVersion "1"]
[SourceVersionDate "2017.10.13"]
[SourceQuality "1"]

1. d4 d5 2. c4 c6 3. Nf3 Nf6 4. e3 a6 5. Qc2 e6 6. Nbd2 Nbd7 7. b3 Bd6 8. Bb2 0-0 9. Bd3 Re8 10. 0-0 e5 11. cxd5 cxd5 12. dxe5 Nxe5 13. Nxe5 Bxe5 14. Bxe5 Rxe5 15. h3 h6 16. Rac1 Bd7 17. Qc7 Qxc7 18. Rxc7 Bc6 19. Nf3 Ree8 20. Nd4 Rac8 21. Rxc8 Rxc8 22. Rc1 Bd7 23. Rxc8+ Bxc8 24. Kf1 g6 25. Ke2 Kf8 26. Kd2 Ke7 27. Kc3 Kd6 28. Kd2 Ke7 29. Kc3 Kd6 30. Kd2 Ke7 1/2-1/2

[Event "Samara Polugaevsky Memorial 7th"]
[Site "Samara"]
[Date "2017.07.15"]
[Round "8"]
[White "Mukhit, Aisezym"]
[Black "Severina, Maria"]
[Result "0-1"]
[WhiteElo "1991"]
[BlackElo "2232"]
[PlyCount "106"]
[EventDate "2017.07.08"]
[EventType "swiss"]
[EventRounds "9"]
[EventCountry "RUS"]
[SourceTitle "EXT 2018"]
[Source "ChessBase"]
[SourceDate "2017.10.13"]
[SourceVersion "1"]
[SourceVersionDate "2017.10.13"]
[SourceQuality "1"]

1. e4 e5 2. Nf3 Nc6 3. Bc4 Nf6 4. d3 Be7 5. c3 0-0 6. 0-0 d5 7. Bb5 dxe4 8. Bxc6 bxc6 9. dxe4 Ba6 10. Qxd8 Rfxd8 11. Re1 Nd7 12. Nbd2 f6 13. Nb3 Nb6 14. Be3 Nc4 15. Bc5 Bd6 16. Rab1 Bb5 17. h4 a5 18. Bxd6 cxd6 19. Red1 Rab8 20. Nbd2 Nxd2 21. Rxd2 Bc4 22. Rbd1 a4 23. Rxd6 Rxd6 24. Rxd6 Bxa2 25. Rd2 Bb1 26. Kf1 Bxe4 27. Ke2 Kf7 28. Ke3 Bd5 29. g3 Ke6 30. Ne1 Bc4 31. f4 Rb3 32. fxe5 a3 33. bxa3 fxe5 34. Rc2 Rxa3 35. Nd3 Ra2 36. Rxa2 Bxa2 37. Nb4 Bd5 38. c4 Bg2 39. Kf2 Bh1 40. Ke3 Kd6 41. Nd3 Bg2 42. Nf2 Ke6 43. Kd3 Bf1+ 44. Kc3 Be2 45. Ne4 Kf5 46. Nf2 c5 47. Kb3 e4 48. Kc3 e3 49. Nh3 Bxc4 50. Nf4 e2 51. Ng2 Bb5 52. Ne3+ Ke4 53. Kd2 e1Q+ 0-1

[Event "Samara Polugaevsky Memorial 7th"]
[Site "Samara"]
[Date "2017.07.11"]
[Round "4"]
[White "Mokshanov, Alexey"]
[Black "Severina, Maria"]
[Result "1-0"]
[WhiteElo "2410"]
[BlackElo "2232"]
[PlyCount "55"]
[EventDate "2017.07.08"]
[EventType "swiss"]
[EventRounds "9"]
[EventCountry "RUS"]
[SourceTitle "CBM 179 Extra"]
[Source "ChessBase"]
[SourceDate "2017.08.23"]
[SourceVersion "1"]
[SourceVersionDate "2017.08.23"]
[SourceQuality "1"]

1. e4 e5 2. Nf3 Nc6 3. d4 exd4 4. Nxd4 Nf6 5. Nxc6 bxc6 6. e5 Qe7 7. Qe2 Nd5 8. c4 Nb6 9. Nc3 Ba6 10. b3 0-0-0 11. Bb2 d5 12. exd6 Qxe2+ 13. Bxe2 cxd6 14. 0-0-0 Be7 15. Bf3 Kc7 16. Ne2 Rhe8 17. Bxg7 d5 18. Nd4 Ba3+ 19. Kb1 Rb8 20. Nc2 Bc5 21. cxd5 cxd5 22. Bd4 Bxd4 23. Rxd4 Be2 24. Bxd5 Red8 25. Bxf7 Bd3 26. Kb2 Bxc2 27. Rxd8 Rxd8 28. Rc1 1-0

[Event "RUS-chT rapid"]
[Site "Sochi"]
[Date "2016.10.05"]
[Round "4.5"]
[White "Papenin, Nikolai"]
[Black "Severina, Maria"]
[Result "1-0"]
[WhiteElo "2334"]
[BlackElo "2232"]
[PlyCount "53"]
[EventDate "2016.10.05"]
[EventType "team-swiss (rapid)"]
[EventRounds "9"]
[EventCountry "RUS"]
[SourceTitle "EXT 2017"]
[Source "ChessBase"]
[SourceDate "2016.10.25"]
[SourceVersion "1"]
[SourceVersionDate "2016.10.25"]
[SourceQuality "1"]
[WhiteTeam "Krymstar Crimea"]
[BlackTeam "Moscow SSHOR Youth"]
[WhiteTeamCountry "RUS"]
[BlackTeamCountry "RUS"]

1. d4 Nf6 2. c4 e6 3. Nc3 Bb4 4. Bg5 h6 5. Bh4 0-0 6. Nf3 b6 7. e3 Bb7 8. Bd3 d6 9. 0-0 Bxc3 10. bxc3 Nbd7 11. Nd2 e5 12. f4 exf4 13. exf4 Re8 14. d5 Nc5 15. Bc2 Re3 16. Rf3 Re8 17. g4 c6 18. g5 hxg5 19. fxg5 Nfd7 20. Rxf7 Rf8 21. Qh5 Rxf7 22. Qh7+ Kf8 23. Qh8+ Ke7 24. Re1+ Ne5 25. g6+ Kd7 26. Bxd8 Rxd8 27. Qh3+ 1-0

[Event "RUS-ch blitz (Women)"]
[Site "Sochi"]
[Date "2016.10.04"]
[Round "5.4"]
[White "Nechaeva, Marina"]
[Black "Severina, Maria"]
[Result "1-0"]
[WhiteElo "2428"]
[BlackElo "2232"]
[PlyCount "123"]
[EventDate "2016.10.04"]
[EventType "swiss (blitz)"]
[EventRounds "22"]
[EventCountry "RUS"]
[SourceTitle "EXT 2017"]
[Source "ChessBase"]
[SourceDate "2016.10.25"]
[SourceVersion "1"]
[SourceVersionDate "2016.10.25"]
[SourceQuality "1"]

1. d4 Nf6 2. c4 e6 3. Nc3 Bb4 4. Qc2 0-0 5. a3 Bxc3+ 6. Qxc3 b6 7. Bg5 Bb7 8. e3 d6 9. Nf3 h6 10. Bh4 g5 11. Bg3 Ne4 12. Qc2 f5 13. Nd2 Qf6 14. f3 Nxg3 15. hxg3 c5 16. dxc5 dxc5 17. 0-0-0 Nc6 18. g4 Rad8 19. gxf5 exf5 20. Bd3 Ne5 21. Nb1 Nxd3+ 22. Rxd3 Rxd3 23. Qxd3 Rd8 24. Qe2 Qe6 25. Nc3 Ba6 26. b3 Bb7 27. Kc2 Kg7 28. Rd1 Rxd1 29. Kxd1 Qd6+ 30. Ke1 Qg3+ 31. Kf1 Qh2 32. Qd3 Qc7 33. Qxf5 Qd6 34. Nd5 Bxd5 35. Qxd5 Qf6 36. Qd1 Qc3 37. Kf2 Qb2+ 38. Kg3 Qxa3 39. Qd7+ Kg6 40. Qe6+ Kg7 41. Kg4 Qxb3 42. Kh5 Qd3 43. Qxh6+ Kf7 44. Qxg5 Qxc4 45. e4 Qf1 46. Qg6+ Ke7 47. Qg7+ Ke6 48. Qg8+ Ke7 49. Qg5+ Ke6 50. Qd5+ Ke7 51. Qe5+ Kf7 52. Qf5+ Ke7 53. g4 Qh1+ 54. Kg5 Qc1+ 55. f4 c4 56. e5 c3 57. Qf6+ Kd7 58. Qd6+ Kc8 59. e6 Qe3 60. e7 c2 61. Qc6+ Kb8 62. e8Q+ 1-0

[Event "RUS-ch blitz (Women)"]
[Site "Sochi"]
[Date "2016.10.04"]
[Round "7.11"]
[White "Severina, Maria"]
[Black "Komiagina, Maria"]
[Result "1-0"]
[WhiteElo "2232"]
[BlackElo "2247"]
[PlyCount "95"]
[EventDate "2016.10.04"]
[EventType "swiss (blitz)"]
[EventRounds "22"]
[EventCountry "RUS"]
[SourceTitle "EXT 2017"]
[Source "ChessBase"]
[SourceDate "2016.10.25"]
[SourceVersion "1"]
[SourceVersionDate "2016.10.25"]
[SourceQuality "1"]

1. Nf3 Nf6 2. g3 g6 3. Bg2 Bg7 4. d4 d6 5. 0-0 Nbd7 6. Nbd2 0-0 7. e4 e5 8. c3 h6 9. Re1 Re8 10. b3 g5 11. Bb2 Nf8 12. Qc2 Ng6 13. Rad1 Qe7 14. dxe5 dxe5 15. Nc4 Bd7 16. Ba3 Qe6 17. Ne3 Bc6 18. Nd5 Rac8 19. c4 Nd7 20. b4 a6 21. Bb2 Bf8 22. a3 Kh7 23. a4 Bxd5 24. exd5 Qb6 25. Bh3 Rcd8 26. Nxe5 Ndxe5 27. Rxe5 Rxe5 28. Bxe5 Qxb4 29. Qf5 Qe7 30. Bf6 Qe2 31. Bg4 Qe8 32. Bxd8 Qxd8 33. Qxf7+ Bg7 34. Bf5 Qf6 35. Qxf6 Bxf6 36. a5 Be5 37. Rb1 Kg7 38. Bxg6 Kxg6 39. Rxb7 Kf5 40. f3 Bd6 41. Kf2 Ke5 42. Ke3 Bc5+ 43. Kd3 Kd6 44. Rb8 c6 45. dxc6 Kxc6 46. Rh8 Bb4 47. Rxh6+ Kb7 48. Rb6+ 1-0

[Event "RUS-ch blitz (Women)"]
[Site "Sochi"]
[Date "2016.10.04"]
[Round "21.9"]
[White "Severina, Maria"]
[Black "Vasilevich, Tatjana"]
[Result "0-1"]
[WhiteElo "2232"]
[BlackElo "2372"]
[PlyCount "140"]
[EventDate "2016.10.04"]
[EventType "swiss (blitz)"]
[EventRounds "22"]
[EventCountry "RUS"]
[SourceTitle "EXT 2017"]
[Source "ChessBase"]
[SourceDate "2016.10.25"]
[SourceVersion "1"]
[SourceVersionDate "2016.10.25"]
[SourceQuality "1"]

1. Nf3 d5 2. g3 b5 3. d4 Nf6 4. Bg2 e6 5. 0-0 Bb7 6. c3 c5 7. a4 a6 8. axb5 axb5 9. Rxa8 Bxa8 10. Qb3 Qb6 11. Na3 b4 12. cxb4 cxb4 13. Bd2 Be7 14. Nc2 Nc6 15. Ne5 0-0 16. Nxc6 Bxc6 17. Rc1 Bb5 18. Bxb4 Bxe2 19. Qe3 Bxb4 20. Nxb4 Bc4 21. b3 Qxb4 22. bxc4 dxc4 23. Qc3 Qxc3 24. Rxc3 Rc8 25. Bf1 Ne4 26. Rxc4 Rxc4 27. Bxc4 Nd2 28. Be2 Nb3 29. Kg2 Nxd4 30. Bd3 h6 31. h4 g6 32. Kh2 Nf3+ 33. Kh1 Kg7 34. Be2 Nd4 35. Bd3 Kf6 36. Kg2 Ke5 37. f4+ Kd5 38. Kf2 Nc6 39. Bb1 Kd4 40. Bc2 e5 41. fxe5 Nxe5 42. Ba4 Ng4+ 43. Kf3 Ne5+ 44. Kf2 f6 45. Be8 Ke4 46. Ba4 Ng4+ 47. Ke2 Ne5 48. Bc2+ Kd4 49. Ba4 f5 50. Kf2 Kd5 51. Bb3+ Kd4 52. Ba4 g5 53. hxg5 hxg5 54. Bc2 Ng4+ 55. Ke2 Ne3 56. Ba4 Nd5 57. Bc2 Ne7 58. Ba4 Nd5 59. Bc2 Ke5 60. Kf2 Nf6 61. Kf3 g4+ 62. Ke3 Ne4 63. Ba4 Nxg3 64. Kf2 Ne4+ 65. Kg2 f4 66. Bd7 f3+ 67. Kf1 g3 68. Bc6 Kf4 69. Bb7 Nd2+ 70. Kg1 f2+ 0-1

[Event "RUS-ch blitz (Women)"]
[Site "Sochi"]
[Date "2016.10.04"]
[Round "22.9"]
[White "Vasilevich, Tatjana"]
[Black "Severina, Maria"]
[Result "1-0"]
[WhiteElo "2372"]
[BlackElo "2232"]
[PlyCount "121"]
[EventDate "2016.10.04"]
[EventType "swiss (blitz)"]
[EventRounds "22"]
[EventCountry "RUS"]
[SourceTitle "EXT 2017"]
[Source "ChessBase"]
[SourceDate "2016.10.25"]
[SourceVersion "1"]
[SourceVersionDate "2016.10.25"]
[SourceQuality "1"]

1. d4 Nf6 2. c4 e6 3. Nc3 Bb4 4. Qc2 0-0 5. a3 Bxc3+ 6. Qxc3 b6 7. Bg5 Bb7 8. e3 d6 9. Qc2 Nbd7 10. Ne2 c5 11. Rd1 Qc7 12. Nc3 a6 13. f3 h6 14. Bh4 cxd4 15. Rxd4 d5 16. Bg3 Qc8 17. cxd5 Nxd5 18. e4 Nxc3 19. Qxc3 Qxc3+ 20. bxc3 Nc5 21. Bd6 Rfc8 22. Bxc5 Rxc5 23. Kd2 Rac8 24. c4 Kf8 25. Be2 Ra5 26. Rb1 Rxa3 27. Rxb6 Ra2+ 28. Ke3 Bc6 29. Rd6 Be8 30. Rxa6 Rb2 31. Rdb6 Rc2 32. Ra7 Rd8 33. Rb1 Rc3+ 34. Kf2 Rd2 35. Ke1 Rd8 36. Kf2 Rd2 37. Ke1 Rd8 38. Rd1 Rb8 39. Rd2 Rb1+ 40. Kf2 Rb8 41. Rc7 Ba4 42. c5 Ke8 43. Ba6 Rc1 44. Bc8 Rc3 45. Bd7+ Bxd7 46. Rdxd7 Rb2+ 47. Kg3 Rcc2 48. Re7+ Kd8 49. Rcd7+ Kc8 50. Rxf7 Rxg2+ 51. Kf4 Rbc2 52. Ra7 Kb8 53. Rae7 Rxc5 54. Rf8+ Rc8 55. Rff7 Rc3 56. Rxg7 Rxh2 57. Rxe6 Rh3 58. Re8+ Rc8 59. Rxc8+ Kxc8 60. Kg4 Rh1 61. Rh7 1-0

[Event "RUS-ch rapid (Women)"]
[Site "Sochi"]
[Date "2016.10.03"]
[Round "7"]
[White "Ambartsumova, Karina"]
[Black "Severina, Maria"]
[Result "1/2-1/2"]
[WhiteElo "2280"]
[BlackElo "2232"]
[PlyCount "146"]
[EventDate "2016.10.02"]
[EventType "swiss (rapid)"]
[EventRounds "10"]
[EventCountry "RUS"]
[SourceTitle "CBM 174 Extra"]
[Source "ChessBase"]
[SourceDate "2016.10.10"]
[SourceVersion "1"]
[SourceVersionDate "2016.10.10"]
[SourceQuality "1"]

1. e4 e5 2. Nf3 Nc6 3. Bb5 a6 4. Ba4 Nf6 5. 0-0 Be7 6. Re1 b5 7. Bb3 d6 8. c3 0-0 9. d3 Na5 10. Bc2 c5 11. Nbd2 Nc6 12. Nf1 h6 13. h3 Be6 14. Ng3 Re8 15. Nh2 d5 16. Qf3 d4 17. Nf5 Bxf5 18. exf5 Qd5 19. Bb3 Qxf3 20. Nxf3 Bd6 21. g4 Rac8 22. Bd2 Nd7 23. Kg2 Nb6 24. Bc2 c4 25. cxd4 Nxd4 26. Nxd4 exd4 27. Rxe8+ Rxe8 28. Kf3 Nd5 29. Re1 Rc8 30. dxc4 bxc4 31. Be4 Nf6 32. Rc1 Kf8 33. h4 Rc7 34. g5 hxg5 35. hxg5 Nd7 36. Bf4 Bxf4 37. Kxf4 Ke7 38. Rd1 c3 39. bxc3 dxc3 40. Bc2 Nb6 41. Rd3 Rc5 42. Ke4 f6 43. f4 Rc7 44. Kd4 Rc4+ 45. Ke3 Rc5 46. Rd4 Nc4+ 47. Kd3 Nd6 48. Ra4 Rc6 49. Kd4 Nb5+ 50. Ke3 Kd6 51. Kd3 Kc5 52. Rc4+ Kd5 53. Rxc6 Kxc6 54. a4 Nc7 55. Bb3 Nd5 56. Kd4 Nxf4 57. gxf6 gxf6 58. Kxc3 Kc5 59. Bf7 a5 60. Be8 Ne2+ 61. Kd3 Ng3 62. Bd7 Kd5 63. Bc8 Nh5 64. Be6+ Kc5 65. Ke4 Ng3+ 66. Kf3 Nf1 67. Ke2 Ng3+ 68. Kf3 Nh5 69. Ke4 Ng7 70. Bd7 Kd6 71. Bb5 Kc5 72. Bd7 Nh5 73. Bb5 Ng7 1/2-1/2

[Event "RUS-ch rapid (Women)"]
[Site "Sochi"]
[Date "2016.10.03"]
[Round "9"]
[White "Kovalevskaya, Ekaterina"]
[Black "Severina, Maria"]
[Result "1/2-1/2"]
[WhiteElo "2437"]
[BlackElo "2232"]
[PlyCount "49"]
[EventDate "2016.10.02"]
[EventType "swiss (rapid)"]
[EventRounds "10"]
[EventCountry "RUS"]
[SourceTitle "CBM 174 Extra"]
[Source "ChessBase"]
[SourceDate "2016.10.10"]
[SourceVersion "1"]
[SourceVersionDate "2016.10.10"]
[SourceQuality "1"]

1. Nf3 Nf6 2. c4 b6 3. g3 Bb7 4. Bg2 e6 5. 0-0 Be7 6. b3 0-0 7. Bb2 c5 8. Nc3 Nc6 9. d4 Nxd4 10. Nxd4 Bxg2 11. Kxg2 cxd4 12. Qxd4 Qc7 13. Rad1 Rfd8 14. e4 d6 15. f3 a6 16. Rd2 Rab8 17. Rc1 Ne8 18. Qe3 Qb7 19. a4 Nf6 20. Ba3 Ne8 21. Rcd1 Qc7 22. Rc1 Nf6 23. Rcd1 Ne8 24. Rc1 Nf6 25. Rcd1 1/2-1/2

[Event "Abu Dhabi op 23rd"]
[Site "Abu Dhabi"]
[Date "2016.08.27"]
[Round "7"]
[White "Wafa, Shahenda"]
[Black "Severina, Maria"]
[Result "1/2-1/2"]
[WhiteElo "2113"]
[BlackElo "2262"]
[PlyCount "87"]
[EventDate "2016.08.21"]
[EventType "swiss"]
[EventRounds "9"]
[EventCountry "UAE"]
[SourceTitle "CBM 174 Extra"]
[Source "ChessBase"]
[SourceDate "2016.10.10"]
[SourceVersion "1"]
[SourceVersionDate "2016.10.10"]
[SourceQuality "1"]

1. e4 e5 2. Nf3 Nc6 3. Bb5 a6 4. Ba4 Nf6 5. 0-0 Be7 6. Re1 b5 7. Bb3 d6 8. c3 0-0 9. h3 Na5 10. Bc2 c5 11. d4 Qc7 12. Nbd2 Bd7 13. Nf1 Nc4 14. b3 Nb6 15. d5 c4 16. b4 a5 17. Ba3 Bd8 18. bxa5 Rxa5 19. Bb4 Ra7 20. g4 Na4 21. Bxa4 Rxa4 22. Ng3 Qb8 23. a3 Ba5 24. Nh4 Bxb4 25. axb4 Rxa1 26. Qxa1 Qb7 27. Nhf5 Ra8 28. Qc1 Bxf5 29. Nxf5 Ne8 30. Qg5 f6 31. Qh4 g6 32. Nh6+ Kg7 33. Re3 Qa7 34. g5 Qa1+ 35. Kg2 Qc1 36. gxf6+ Nxf6 37. Ng4 Nxg4 38. Qe7+ Kg8 39. Qe6+ Kg7 40. hxg4 Ra1 41. Qe7+ Kg8 42. Qe8+ Kg7 43. Qe7+ Kg8 44. Qe8+ 1/2-1/2

[Event "Kavala op 25th"]
[Site "Kavala"]
[Date "2016.08.05"]
[Round "8"]
[White "Shvayger, Yuliya"]
[Black "Severina, Maria"]
[Result "1/2-1/2"]
[WhiteElo "2416"]
[BlackElo "2326"]
[PlyCount "84"]
[EventDate "2016.07.30"]
[EventType "swiss"]
[EventRounds "9"]
[EventCountry "GRE"]
[SourceTitle "CBM 173 Extra"]
[Source "ChessBase"]
[SourceDate "2016.08.29"]
[SourceVersion "1"]
[SourceVersionDate "2016.08.29"]
[SourceQuality "1"]

1. e4 e5 2. Nf3 Nc6 3. Nc3 Nf6 4. Bb5 Bb4 5. 0-0 0-0 6. d3 Bxc3 7. bxc3 d6 8. Bg5 h6 9. Bh4 Bd7 10. Rb1 a6 11. Ba4 b5 12. Bb3 Na5 13. d4 Bg4 14. dxe5 Bxf3 15. Qxf3 dxe5 16. Rbd1 Qe7 17. Bxf6 Qxf6 18. Qxf6 gxf6 19. Rd7 Nxb3 20. cxb3 Rfd8 21. Rfd1 Rxd7 22. Rxd7 Rc8 23. g3 Kf8 24. Kg2 Ke8 25. Rd2 Ke7 26. Kh3 Ke6 27. Kg4 h5+ 28. Kh4 f5 29. exf5+ Kxf5 30. f3 f6 31. Rd7 c5 32. Rd6 c4 33. b4 Ra8 34. h3 Kg6 35. g4 hxg4 36. fxg4 Kf7 37. Rb6 Rh8+ 38. Kg3 Rd8 39. Rxa6 Rd3+ 40. Kg2 Rxc3 41. Ra5 Rc2+ 42. Kg3 Rb2 1/2-1/2

[Event "RUS-ch Higher League (Women) 66th"]
[Site "Kolomna"]
[Date "2016.06.24"]
[Round "3"]
[White "Severina, Maria"]
[Black "Khokhlova, Daria"]
[Result "0-1"]
[WhiteElo "2330"]
[BlackElo "2214"]
[PlyCount "66"]
[EventDate "2016.06.22"]
[EventType "swiss"]
[EventRounds "9"]
[EventCountry "RUS"]
[SourceTitle "CBM 173 Extra"]
[Source "ChessBase"]
[SourceDate "2016.08.29"]
[SourceVersion "1"]
[SourceVersionDate "2016.08.29"]
[SourceQuality "1"]

1. Nf3 g6 2. d4 Bg7 3. e4 d6 4. c4 Nf6 5. Nc3 0-0 6. Be2 e5 7. 0-0 Qe8 8. d5 Nfd7 9. a3 f5 10. Ng5 Nf6 11. c5 h6 12. Ne6 Bxe6 13. dxe6 Qxe6 14. cxd6 cxd6 15. exf5 gxf5 16. Nb5 Ne8 17. Bf3 e4 18. Bh5 Na6 19. Bxe8 Raxe8 20. Qxd6 Qxd6 21. Nxd6 Re7 22. Nb5 b6 23. Bf4 Rd7 24. Rad1 Rxd1 25. Rxd1 Nc5 26. Rd6 Nd3 27. Bxh6 Bxh6 28. Rxh6 Rc8 29. g4 Rc1+ 30. Kg2 f4 31. Nd6 f3+ 32. Kg3 e3 33. Nf5 e2 0-1

[Event "Nezhmetdinov Memorial 38th"]
[Site "Kazan"]
[Date "2016.06.07"]
[Round "8"]
[White "Akhtariev, Andrey"]
[Black "Severina, Maria"]
[Result "0-1"]
[WhiteElo "1927"]
[BlackElo "2330"]
[PlyCount "62"]
[EventDate "2016.05.31"]
[EventType "swiss"]
[EventRounds "9"]
[EventCountry "RUS"]
[SourceTitle "CBM 172 Extra"]
[Source "ChessBase"]
[SourceDate "2016.06.21"]
[SourceVersion "1"]
[SourceVersionDate "2016.06.21"]
[SourceQuality "1"]

1. e4 e5 2. Nf3 Nc6 3. Bb5 a6 4. Ba4 g6 5. c3 d6 6. h3 Bg7 7. a3 Nf6 8. Bc2 0-0 9. 0-0 d5 10. d3 h6 11. Nbd2 Nh5 12. exd5 Qxd5 13. Nc4 Be6 14. Re1 Rad8 15. Ne3 Qd7 16. Nc4 Qd5 17. Ne3 Qc5 18. Nf1 Rfe8 19. Be3 Qf8 20. Qc1 f5 21. b4 Nf6 22. Ba4 b5 23. Bc2 Nd5 24. Bc5 Qf7 25. c4 Nf4 26. cxb5 axb5 27. Be3 Bd5 28. N1d2 e4 29. Bxf4 exf3 30. Rb1 Nd4 31. Bd1 Rxe1+ 0-1

[Event "Nezhmetdinov Memorial 38th"]
[Site "Kazan"]
[Date "2016.06.05"]
[Round "6"]
[White "Korovin, Mikhail"]
[Black "Severina, Maria"]
[Result "0-1"]
[WhiteElo "2240"]
[BlackElo "2330"]
[PlyCount "82"]
[EventDate "2016.05.31"]
[EventType "swiss"]
[EventRounds "9"]
[EventCountry "RUS"]
[SourceTitle "CBM 172 Extra"]
[Source "ChessBase"]
[SourceDate "2016.06.21"]
[SourceVersion "1"]
[SourceVersionDate "2016.06.21"]
[SourceQuality "1"]

1. Nf3 Nf6 2. g3 b6 3. Bg2 Bb7 4. 0-0 e6 5. c4 Be7 6. d3 d5 7. Nbd2 0-0 8. Qc2 c5 9. a3 Nc6 10. e3 Qc7 11. b3 Rfd8 12. Bb2 dxc4 13. dxc4 h6 14. h3 Rd7 15. Rfd1 Rad8 16. g4 Ne8 17. Ne4 Nb4 18. axb4 Rxd1+ 19. Rxd1 Bxe4 20. Rxd8 Bxc2 21. Rxe8+ Kh7 22. bxc5 bxc5 23. Be5 Qd7 24. Rb8 Bd6 25. Rb5 a6 26. Ra5 Qc7 27. Ra2 Bxb3 28. Rb2 Bxc4 29. Bc3 Bb5 30. h4 Bc6 31. h5 a5 32. g5 a4 33. e4 Bf4 34. gxh6 Kxh6 35. e5 Bd5 36. Rb5 Qc6 37. Rb8 Bxf3 38. Rh8+ Kg5 39. h6 gxh6 40. Bh3 Qe4 41. Rg8+ Kh5 0-1